| 000 | 00420nam a2200181Ia 4500 | ||
|---|---|---|---|
| 001 | 13848 | ||
| 005 | 20260306164831.0 | ||
| 008 | 260306t1999||||xx |||||||||||||| ||spa|| | ||
| 041 | _aESP | ||
| 082 |
_a005.43 _bC28 |
||
| 100 |
_aCarling, M. _eAUT |
||
| 245 | 0 |
_aGuĆa avanzada: _bAdministración de Sistemas Linux |
|
| 260 | _c1999 | ||
| 300 |
_a _c |
||
| 650 | _aGEN | ||
| 654 | _aCCC | ||
| 942 |
_cLIB _dJUS _fJUS _2ddc _n |
||
| 999 |
_c13848 _d13848 |
||